000 01069nam a22002297a 4500
999 _c13579
_d13579
003 AR-CdUCM
008 190415b ||||| |||| 00| 0 spa d
040 _aMUNICIPALIDAD PROVINCIAL DEL CUSCO
_cBIBLIOTECA MUNICIPAL DEL CUSCO
082 _aTS / 865.58 /
_bG48
100 _aGilt Contreras, Mario Alberto
_932042
245 _aEl cuento en la Sierra sur Peruana :
_bEnsayo critico sobre el cuento Peruano /
260 _aCusco :
_bGarcilaso,
300 _a96 páginas ;
_c22 cm.
500 _aTesis presentada para optar el grado de doctor en la facultad de letra, de la universidad nacional del Cusco.
505 _aContenido: Consideraciones generales -- La costa, el cuento y sus cuentistas -- Cuentista de la costa -- La selva, el cuento y sus posibilidades -- La sierra sur peruana, sus cuentos, sus antecedentes históricos, su trayectoria, sus elementos y sus cuentistas ...
650 _aCuentos
_9217
650 _aPerú
_935
650 _aCosta, sierra y selva
_932043
650 _aCuentistas
_914626
942 _2ddc
_cTESIS
945 _acmm
_d2019-04-15